000 00207nam a22000857a 4500
008 170118b xxu||||| |||| 00| 0 eng d
100 _92481
_aVerma.H.C.
245 _aPhysics-X
260 _aNew Delhi
_bBharathi
_c2011
999 _c5548
_d5548